All The Young Dudes quiz, Hogwarts edition - Statistics

General Stats
  • This quiz has been taken 1,556 times
  • The average score is 21 of 40
Answer Stats
Hint Answer % Correct
Who is the first marauder Remus sees? Sirius Black
89%
Who is the author of All The Young Dudes? MsKingBean89
85%
Who frequently sends Sirius records? Andromeda
83%
Who's idea was the marauders map? Remus Lupin
83%
Who came up with the nickname 'Moony' for Remus? Peter Pettigrew
77%
Who is the late sleeper of the marauders? Sirius Black
77%
Who gives Remus a sheet to help him read? Lily Evans
76%
What position did he play? Beater
73%
Who was Remus Lupin's first kiss? Grant Chapman
72%
What position did he play? Chaser
71%
What was Remus's Snape-given nickname? Loony Lupin
70%
Who does Remus say has the best understanding of love of anyone he knows? James Potter
68%
Who offers to kiss Remus in order for him to win a bet with the marauders (which he declines)? Marlene McKinnon
68%
In what year did James make the quidditch team? Second year
67%
Who briefly has a crush on Remus and is also a fan of Jane Austen? Lily Evans
66%
Who does Sirius Black knock out with a bludger (on accident)? Regulus Black
65%
When do the marauders find out Lupin is a werewolf? Second year
63%
In what year did Sirius make the quidditch team? Fourth year
62%
What was Remus's original Marauder-given nickname? Remu
62%
Who starts a petition to remove the willow after this incident? Marlene McKinnon
61%
What is the incident involving Remus Lupin, Severus Snape, and the Whomping Willow usually referred to as? The Prank
59%
Who does Andromeda say she is confident that they will not marry anyone (including Remus) sitting at the table with her? Nymphadora Tonks
56%
Who has a crush on Remus and is also a fan of Oscar Wilde? Christopher
55%
Who is Remus's favorite teacher? Ferox
55%
Where did Remus Lupin live as a child? St. Edmunds
55%
Who did James Potter have a secret romance with (which was never explicitly revealed)? lol Regulus Black
53%
Which curse does Sirius's family use to try to force him to join the Dark Lord? Crucio
52%
Who wants to share a tent with Remus while camping but is politely turned down? Mary MacDonald
47%
Where does James find out about Remus and Sirius? the library
46%
What bar do the marauders go to on Remus's fifteenth birthday? The Hog's Head
37%
Who is the first werewolf that Remus meets? Livia
32%
On which special occasion does Remus and Sirius's first kiss take place? Remus's birthday
28%
what unusual job does Remus have to do as punishment during his seventh year? quidditch commentator
22%
Which curse does Sirius's mother use to inflict pain upon him? Lacero
18%
What is the attraction at said bar? Muggle music
14%
Who does Peter Pettigrew date starting in fourth year? Desdemona Lewis
13%
Who does Mary date in between her separate flings with Sirius? Darren
10%
Who goes blind after getting injured by the whomping willow? Davey Gudgeon
10%
When does Remus Lupin tell Grant Chapman that he is a werewolf? Summer 1975
9%
Who does Marlene begin dating in her seventh year? Yaz Patil
8%
No matching quizzes found
Score Distribution
Percent of People with Each Score
Percentile by Number Answered
Your Score History
You have not taken this quiz